Pantun

Bibliographic Details
Main Author: Hj. Mokhtar Yasin
Format: Book
Published: Melaka : IKSEP , 2004
Subjects:

MARC

LEADER 00000cam a2200000 7i4500
001 0000036648
005 20130626.0
008 130626
020 |a 9832600197 
090 0 0 |a 899.231   |b MOK 
100 0 |a Hj. Mokhtar Yasin 
245 1 0 |a Pantun   |c Hj. Mokhtar Yasin 
260 |a Melaka :   |b IKSEP ,   |c 2004 
650 0 |a Malay poetry 
650 0 |a Pantun 
999 |a 0001227570   |b Book   |c Adult Collection   |e Perbadanan Perpustakaan Awam Johor 
999 |a 0001227571   |b Book   |c Adult Collection   |e Perbadanan Perpustakaan Awam Johor